A TEXTBOOK OF PHARMACEUTICAL CHEMISTRY (Record no. 215635)

MARC details
000 -LEADER
fixed length control field 00394nam a2200145Ia 4500
008 - FIXED-LENGTH DATA ELEMENTS--GENERAL INFORMATION
fixed length control field 230704s9999 xx 000 0 und d
020 ## - INTERNATIONAL STANDARD BOOK NUMBER
International Standard Book Number 9788195874422
100 ## - MAIN ENTRY--PERSONAL NAME
Personal name KAKKAR, SALONI AND SHARMA, KIRTI
245 #2 - TITLE STATEMENT
Title A TEXTBOOK OF PHARMACEUTICAL CHEMISTRY
250 ## - EDITION STATEMENT
Edition statement 1ST
260 ## - PUBLICATION, DISTRIBUTION, ETC.
Name of publisher, distributor, etc. ALL INDIA BOOK HOUSE, DELHI
Date of publication, distribution, etc. 2023
300 ## - PHYSICAL DESCRIPTION
Extent 312
650 ## - SUBJECT ADDED ENTRY--TOPICAL TERM
Topical term or geographic name entry element Pharmaceutical Chemistry
942 ## - ADDED ENTRY ELEMENTS (KOHA)
Koha item type Book
Holdings
Withdrawn status Lost status Source of classification or shelving scheme Damaged status Not for loan Home library Current library Shelving location Date acquired Total Checkouts Barcode Date last seen Price effective from Koha item type Public note
    Dewey Decimal Classification     Mewar University Central Library Mewar University Central Library Pharmacy 15/05/2023   PH5196 12/07/2023 12/07/2023 Book pharmacy R-7 S-3
    Dewey Decimal Classification     Mewar University Central Library Mewar University Central Library Pharmacy 15/05/2023   PH5197 12/07/2023 12/07/2023 Book pharmacy R-7 S-3
    Dewey Decimal Classification     Mewar University Central Library Mewar University Central Library Pharmacy 15/05/2023   PH5198 12/07/2023 12/07/2023 Book pharmacy R-7 S-3
    Dewey Decimal Classification     Mewar University Central Library Mewar University Central Library Pharmacy 15/05/2023   PH5199 12/07/2023 12/07/2023 Book pharmacy R-7 S-3